000 00410nam a2200169Ia 4500
001 20348
003 IN-NITTTR
005 20251114233233.0
008 251113s9999||||xx |||||||||||||| ||eng||
040 _beng
040 _cIN-NITTTR
041 _aeng
082 _a005.133 S32G R
100 _aSteel , David J
245 0 _aGolden, Common LISP;  a hands-on approach. /
_cSteel , David J
942 _2ddc
_cBK
999 _c22982
_d22982